| 000 | 00438cam a22001457a 4500 | ||
|---|---|---|---|
| 008 | 180718b1995 xxu||||| |||| 00| 0 eng d | ||
| 020 | _a1856286894 | ||
| 082 | _aT19 L971t | ||
| 100 | _aLundahl, Mats | ||
| 245 |
_aThemes in development economics: essays on method, peasants and government _cby Mats Lundahl |
||
| 260 |
_aAldershot _bAvebury _c1995 |
||
| 300 | _a381p. | ||
| 650 | _aSaving and investment | ||
| 650 | _aEconomic development | ||
| 999 |
_c378953 _d378953 |
||